zpět

Detail výsledku týmu

Bar Sokolovna, Zdiby

Datum a čas kvízu

30 Celkem bodů Celkový počet nahraných bodů na tomto kvízu bez doplňovacích otázek.
1. Pořadí na kvízu Konečné umístění týmu na tomto kvízu.

Zaznamenané odpovědi

# Otázka Odpověď Body Výsledky
1. Známý tanečník a choreograf, l... dearMoon 0
2. Jak se jmenuje osobnost roku 2... Volodymyr Zelenskij 1
3. Ve čtvrtek byly na Netflixu od... o princi Harrym a jeho ženě Meghan 1
4. Po 66 letech skončila nejstarš... TOTO 1
5. Jakým skóre skončil penaltový... 3:0 1
6. V tomto tématu si vždy vyberet... Taškent / Baku 1
7. Pokračujeme sportem. ZA BOD: K... Svatý Mořic / Barcelona 0
8. ZA BOD: Jak se jmenuje středně... impala / komodský 0.5
9. ZA BOD: Ke které značce odkazu... Perwoll / Flora 0
10. ZA BOD: Kdo režíroval film Leo... Luc Besson / Robert Zemeckis 1